2023 NCAA Tournament Teams - Statistics

General Stats
  • This quiz has been taken 467 times
  • The average score is 39 of 68
Answer Stats
Seed Regional Team % Correct
1 South Alabama
95%
2 Midwest Texas
89%
1 West Kansas
88%
1 East Purdue
88%
5 East Duke
87%
4 West UConn
86%
7 East Michigan State
85%
2 South Arizona
82%
6 East Kentucky
82%
3 West Gonzaga
79%
1 Midwest Houston
78%
5 Midwest Miami (FL)
78%
2 West UCLA
78%
3 South Baylor
76%
5 South San Diego State
76%
4 South Virginia
75%
4 East Tennessee
73%
7 Midwest Texas A&M
73%
9 Midwest Auburn
71%
8 Midwest Iowa
71%
3 East Kansas State
71%
5 West Saint Mary's
71%
10 East USC
71%
9 East Florida Atlantic
70%
9 West Illinois
68%
6 Midwest Iowa State
67%
4 Midwest Indiana
65%
15 South Princeton
65%
2 East Marquette
64%
8 West Arkansas
63%
6 South Creighton
62%
11 West Arizona State
59%
6 West TCU
59%
10 Midwest Penn State
58%
11 South NC State
57%
7 South Missouri
56%
8 South Maryland
55%
10 South Utah State
55%
3 Midwest Xavier
54%
8 East Memphis
53%
11 Midwest Mississippi State
53%
11 West Nevada
53%
11 Midwest Pittsburgh
53%
9 South West Virginia
52%
10 West Boise State
50%
7 West Northwestern
49%
12 Midwest Drake
47%
13 South Furman
47%
16 East Fairleigh Dickinson
45%
11 East Providence
45%
15 East Vermont
43%
12 East Oral Roberts
39%
15 Midwest Colgate
37%
14 East Montana State
37%
12 West VCU
37%
12 South Charleston
34%
14 West Grand Canyon
34%
16 West Howard
34%
13 West Iona
31%
13 East Louisiana
31%
13 Midwest Kent State
30%
14 Midwest Kennesaw State
28%
14 South UC Santa Barbara
28%
16 South Texas A&M Corpus Christi
27%
16 East Texas Southern
27%
15 West UNC Asheville
22%
16 Midwest Northern Kentucky
19%
16 South Southeast Missouri State
17%
No matching quizzes found
Score Distribution
Percent of People with Each Score
Percentile by Number Answered
Your Score History
You have not taken this quiz